NFL Draft 1993 Quarterbacks Drafted - Statistics

General Stats
  • This quiz has been taken 7 times
  • The average score is 2 of 8
Answer Stats
Round Player Team College % Correct
1 Drew Bledsoe Patriots Washington State
100%
1 Rick Mirer Seahawks Notre Dame
29%
5 Mark Brunell Packers Washington
14%
8 Trent Green Chargers Indiana
14%
8 Alex Van Pelt Steelers Pittsburgh
0%
3 Billy Joe Hobert Raiders Washington
0%
8 Elvis Grbac 49ers Michigan
0%
7 Gino Torretta Vikings Miami (FL)
0%
No matching quizzes found
Score Distribution
Percent of People with Each Score
Percentile by Number Answered
Your Score History
You have not taken this quiz